[Event "26th Abu Dhabi Master 2019"]
[Site "Abu Dhabi"]
[Date "2019.08.03"]
[Round "2.7"]
[White "Yilmaz, Mustafa"]
[Black "Costachi, Mihnea"]
[Result "1-0"]
[WhiteElo "2618"]
[BlackElo "2471"]
[Annotator "TA"]
[PlyCount "159"]
[EventDate "2019.08.02"]
[EventType "swiss"]
[EventCountry "UAE"]
[SourceTitle "playchess.com"]
[Source "ChessBase"]
[SourceQuality "1"]

{[%evp 9,159,28,31,10,75,84,103,102,101,46,38,42,47,43,45,43,47,51,70,20,4,22,25,0,0,0,0,0,0,-18,0,0,0,0,0,0,0,0,65,0,0,0,89,80,79,85,171,93,95,96,98,88,84,83,88,86,114,87,121,117,120,110,114,99,112,85,174,108,167,133,141,133,126,126,126,128,235,50,152,65,204,204,192,190,205,185,202,194,205,152,225,218,218,218,218,218,260,170,454,462,474,472,470,469,465,412,568,552,524,524,667,660,925,925,925,925,925,822,796,694,671,377,664,599,667,653,653,638,624,0,433,422,29963,29965,29960,29964,29965,29965,29961,29964,29964,29966,29976,29969,29974,29969,29968,29970,29985,29983,29983,29984]} 1. d4 d5 2. c4 c6 3. Nf3 Nf6 4. Nc3 a6 5. e3 Bf5 6. Bd2 $146 {D15: Slav Defence: 4 Nc3 a6 and gambit lines after 4 Nc3 dxc4} (6. Qb3 Ra7 7. Nh4 Bc8 8. Bd2 e6 9. c5 Nbd7 10. Nf3 e5 11. Nxe5 Nxe5 12. dxe5 Nd7 13. Na4 Bxc5 14. Nxc5 Nxc5 {0-1 (84) Radjabov,T (2757)-Fedoseev,V (2724) Wijk aan Zee 2019}) ({Predecessor:} 6. cxd5 cxd5 7. Ne5 h6 8. Qb3 Ra7 {½-½ (32) Bluebaum,M (2611)-Krishna,C (2464) Zuerich 2018}) 6... h6 (6... e6 $11) 7. Qb3 $16 Ra7 8. cxd5 {White is better.} cxd5 9. Ne5 (9. Rc1 $1 $16) 9... e6 $1 $14 10. Rc1 Nbd7 11. Bb5 Bd6 ({But not} 11... axb5 $2 12. Nxb5 Ra3 13. Nxa3 $18) 12. Bxd7+ Nxd7 13. Nxd7 Kxd7 14. Na4 {aiming for Nb6+.} b5 $1 {[%cal Rb5a4]} 15. Nc5+ Ke7 16. h3 Re8 17. O-O Kf8 18. Rfd1 Kg8 19. a4 bxa4 20. Qxa4 Qe7 21. Bb4 Rc8 22. Ba3 Kh7 23. Rc3 g5 (23... Rd8 $11) 24. f3 (24. e4 $1 $14 dxe4 25. Nxe4 $1 {[%mdl 576] Discovered Attack} Rxc3 26. Bxd6) 24... Bg6 $11 25. e4 e5 (25... Qe8 $11 {remains equal.}) 26. exd5 $16 exd4 27. Qxd4 Be5 (27... Qe5 $16) 28. Qd2 ({White should try} 28. Qf2 $1 $18 Bxc3 29. bxc3) 28... Bxc3 29. Qxc3 Qd6 30. Qd4 Qf4 31. Qxf4 $1 gxf4 32. d6 Bf5 33. Rd4 a5 34. Rxf4 Kg6 35. Kf2 Rd8 36. Rd4 Bd7 37. Ke3 Raa8 (37... Re8+ $16 {might work better.} 38. Kf4 Re2) 38. Kf4 (38. Nxd7 $18 Rxd7 39. Ke4) 38... Rab8 (38... Bb5 $16) 39. g4 Rb5 40. h4 Kg7 41. h5 Bc6 42. Rd3 Bd7 (42... Kh7 $16 43. d7 Rxc5 44. Bxc5 Rxd7) 43. Nb3 $2 ({Better is} 43. Nxd7 $18 Rxd7 44. Ke4) 43... Kf6 (43... Re8 $14) 44. Nd2 ({White should play} 44. Rc3 $16) 44... Bc6 (44... Kg7 $1 $14) 45. Rc3 $1 $18 {[%cal Rc3c6]} Bd5 46. Rc7 Kg7 47. Nb1 {Black must now prevent Nc3.} Be6 48. Nc3 Rbb8 49. Ra7 Ra8 (49... Rdc8 $16 50. Ne4 (50. Rxa5 Rb3 $16) 50... Ra8) 50. Re7 Rd7 51. Ke5 Rb8 52. Ne4 Rb5+ 53. Nc5 Rxe7 $2 (53... Rd8 54. Rc7 Kh8) 54. dxe7 {[%mdl 4096] Endgame KRB-KBN} Bd7 55. Kd6 Be8 56. Kc7 $1 f6 {Now ...Kf7 and Black clings on.} 57. Ne4 {Hoping for Nd6.} Re5 58. Kd8 Bc6 59. Nd6 Bxf3 60. e8=Q Rxe8+ 61. Nxe8+ Kf7 62. Be7 Bxg4 63. Nxf6 Bf3 64. Nd7 {Strongly threatening Ne5+.} Bxh5 65. Bf8 Kg6 $2 (65... Ke6 66. Bxh6 Kd6 67. Bf4+ Kc6) 66. Ne5+ Kg5 67. Ke7 a4 68. Ke6 Be8 69. Ke7 Bh5 $1 70. Nf7+ Bxf7 (70... Kf4 $18 71. Nxh6 Ke5 72. Nf7+ Kd5) 71. Kxf7 {KB-KPP. White mates.} h5 {[#]} 72. Ke6 $1 Kf4 73. Kd5 Ke3 74. Kc4 Kd2 {[#]} 75. Kd4 $1 {[%cal Rd4e4]} Ke2 76. Ke4 Kf2 77. Kf4 h4 78. Kg4 a3 79. Bxa3 h3 80. Kxh3 {Accuracy: White = 64%, Black = 44%.} 1-0

[Event "26th Abu Dhabi Master 2019"]
[Site "Abu Dhabi"]
[Date "2019.08.03"]
[Round "2.8"]
[White "Vignesh N R"]
[Black "Bartel, Mateusz"]
[Result "1/2-1/2"]
[WhiteElo "2466"]
[BlackElo "2600"]
[Annotator "TA"]
[PlyCount "79"]
[EventDate "2019.08.02"]
[EventType "swiss"]
[EventCountry "UAE"]
[SourceTitle "playchess.com"]
[Source "ChessBase"]
[SourceQuality "1"]

{[%evp 12,79,29,31,37,26,34,24,32,8,25,10,11,8,0,-2,0,-10,-10,-6,11,0,0,0,28,15,22,18,24,0,22,-36,-19,-4,0,0,0,-10,0,0,0,0,0,0,0,0,0,0,0,0,0,0,0,0,0,0,0,0,0,0,0,0,0,0,0,0,0,0,0,0]} 1. e4 e5 2. Nf3 Nc6 3. Bc4 Nf6 4. d3 Be7 5. O-O O-O 6. Re1 d6 7. a4 a5 {C55: Two Knights: 4 d3, 4 d4 exd4 5 e5 and Max Lange Attack} 8. c3 (8. Nbd2 Kh8 9. Nf1 Be6 10. Ng3 Nd7 11. Be3 Bf6 12. Bb5 Na7 13. Bxd7 Qxd7 14. d4 exd4 15. Bxd4 Bxd4 16. Qxd4 {1-0 (64) Vachier Lagrave,M (2780)-Nepomniachtchi,I (2773) Abidjan 2019}) 8... Be6 9. Nbd2 Nd7 {White has an edge.} 10. d4 {[#] Threatens to win with d5.} exd4 11. Nxd4 $146 ({Predecessor:} 11. cxd4 Bxc4 12. Nxc4 d5 13. exd5 Nb4 14. d6 Bxd6 15. Nxd6 cxd6 {½-½ (23) Isha,S (2062)-Olson,H (2229) Paracin 2018}) 11... Bxc4 12. Nxc6 bxc6 13. Nxc4 Bf6 14. Bf4 Re8 15. Qc2 Qe7 16. Re3 Qe6 17. b3 Qg4 18. Bg3 Qg6 19. Rae1 h5 20. h3 Nc5 21. Nxa5 (21. Nd2 $11) 21... h4 22. Bh2 $1 {The position is equal.} Nxa4 23. Nxc6 Nxc3 {[#]} 24. Be5 $1 {[%mdl 512]} Bxe5 (24... dxe5 25. Rxc3) 25. Nxe5 Rxe5 26. Rxc3 c5 27. f4 Re7 28. e5 Qxc2 29. Rxc2 $11 {[%mdl 4096] Endgame KRR-KRR} Rb8 30. Kf2 Rb4 31. Rc4 Rxb3 32. exd6 Rxe1 33. Kxe1 {KR-KR} Rd3 34. Rxc5 Rxd6 35. Rh5 g6 36. Rxh4 Rd4 37. Rg4 Kg7 38. g3 f6 39. Kf2 {And now f5 would win.} Rd5 40. Kf3 {Accuracy: White = 59%, Black = 69%.} 1/2-1/2

[Event "26th Abu Dhabi Master 2019"]
[Site "Abu Dhabi"]
[Date "2019.08.03"]
[Round "2.9"]
[White "Karthikeyan, Murali"]
[Black "Krishna C R G"]
[Result "1/2-1/2"]
[WhiteElo "2613"]
[BlackElo "2463"]
[Annotator "TA"]
[PlyCount "71"]
[EventDate "2019.08.02"]
[EventType "swiss"]
[EventCountry "UAE"]
[SourceTitle "playchess.com"]
[Source "ChessBase"]
[SourceQuality "1"]

{[%evp 13,71,-7,0,0,11,10,14,5,7,7,7,2,8,0,0,0,-2,-5,13,-29,0,0,25,25,28,0,0,0,0,0,0,0,-2,-2,-2,-3,-3,-23,0,0,0,0,0,0,0,0,0,0,0,0,0,0,0,0,0,0,0,0,0,0]} 1. e4 e6 2. d4 d5 3. Nc3 Bb4 4. e5 c5 5. a3 Bxc3+ 6. bxc3 Ne7 7. Bd3 Qa5 8. Bd2 {C18: French: 3 Nc3 Bb4: Main line: 7 h4 and 7 Qg4} c4 9. Be2 Qa4 (9... Bd7 10. Nh3 Ba4 11. Nf4 g6 12. Rb1 Nbc6 13. Bg4 O-O-O 14. h4 h6 15. O-O Rd7 {1-0 (32) Eliseev,U (2530)-Gontcharov,V (2431) Kaliningrad 2015}) 10. h4 Nbc6 11. Nf3 Bd7 12. h5 h6 13. Nh4 O-O-O 14. g4 Rdf8 $146 ({Predecessor:} 14... f6 15. f4 fxe5 16. fxe5 Rdf8 {0-1 (40) Jayakumaar,S (2198)-Krishna,C (2411) Mumbai 2016}) 15. f4 g6 16. Be3 Be8 17. Kd2 a6 18. Qb1 Qa5 19. Qb2 gxh5 20. gxh5 f5 21. Rab1 Qc7 22. a4 Rfg8 23. Qa3 Rg7 24. Rbg1 $132 {[%mdl 2048] White puts up resistance} Rhg8 25. Qa1 Nd8 26. Rxg7 {The position is equal.} Rxg7 27. Rg1 Nec6 28. Ng6 Ne7 29. Nf8 Rf7 30. Ng6 Rg7 {[%cal Re7g6]} 31. Nxe7+ Qxe7 32. Rxg7 Qxg7 33. Qa3 $1 Qg2 34. Qc5+ Kd7 {[#] Threatens to win with ...Bxh5.} 35. Qd6+ $1 Kc8 {Hoping for ...Bxh5.} 36. Qc5+ {Accuracy: White = 76%, Black = 68%.} 1/2-1/2

[Event "26th Abu Dhabi Master 2019"]
[Site "Abu Dhabi"]
[Date "2019.08.03"]
[Round "2.10"]
[White "Gaponenko, Inna"]
[Black "Aravindh, Chithambaram VR."]
[Result "1/2-1/2"]
[WhiteElo "2450"]
[BlackElo "2600"]
[Annotator "TA"]
[PlyCount "76"]
[EventDate "2019.08.02"]
[EventType "swiss"]
[EventCountry "UAE"]
[SourceTitle "playchess.com"]
[Source "ChessBase"]
[SourceQuality "1"]

{[%evp 25,76,0,0,0,0,0,0,0,50,42,67,44,60,36,131,18,118,115,189,79,88,93,95,10,15,17,21,0,0,0,0,0,0,0,0,0,1,0,3,12,30,0,0,0,0,0,0,0,0,0,0,0,0]} 1. e4 c5 2. c3 d5 3. exd5 Qxd5 4. d4 Nf6 5. Nf3 Nc6 6. Be2 e6 7. O-O cxd4 8. cxd4 Be7 9. Nc3 Qd6 10. Nb5 Qd8 11. Bf4 Nd5 12. Bg3 O-O 13. Bc4 a6 14. Bxd5 {B22: Sicilian: 2 c3} (14. Nc3 Nxc3 15. bxc3 b5 16. Bd3 Bb7 17. a4 b4 18. Rb1 Bf6 19. Be4 a5 20. cxb4 axb4 21. Bxc6 {½-½ (21) Zvjaginsev,V (2660)-Moiseenko,A (2692) Berlin 2015}) 14... exd5 15. Nc7 Rb8 {Strongly threatening ...Bd6.} 16. Ne5 Bd6 17. Nxd5 Be6 $146 ({Predecessor:} 17... f6 18. Nxc6 bxc6 19. Ne3 Bxg3 20. hxg3 Rxb2 21. Qa4 Kh8 {1-0 (40) Hadzimanolis,A (2200)-Jimenez Alonso,J (2024) IECG email 1998}) 18. Ne3 f5 {Hoping for ...f4.} 19. f4 Qb6 {[#]} (19... Nb4 $14) 20. N3c4 ({White has to play} 20. N5c4 $1 $16 {[%cal Rc4b6]} Bxc4 21. Nxc4) 20... Bxc4 (20... Qc7 $11) 21. Nxc4 $16 Qb4 {[#]} (21... Qc7 $16 {is a better defense.}) 22. Nxd6 (22. Rc1 $1 $18 {is the precise move to win. aiming for a3.} Rbd8 23. d5) 22... Rbd8 23. Nxb7 Qxb7 24. Qb3+ (24. Re1 $16) 24... Qxb3 $1 $11 25. axb3 Nxd4 26. Be1 Rfe8 27. Bc3 Ne2+ $1 28. Kh1 Nxc3 29. bxc3 {[%mdl 4096] Endgame KRR-KRR} Rd3 30. Rxa6 {White wants to play Rc6.} Rxc3 31. Ra5 Rxb3 32. Rxf5 Rb4 33. h3 Ree4 {The position is equal.} 34. Kh2 (34. Rd5 {seems wilder.} Rxf4 35. Rd8+ Kf7 36. Rd7+ Kg6 37. Ra1) 34... g6 35. Ra5 Rxf4 36. Ra8+ Kg7 37. Ra7+ Kh6 38. Rxf4 Rxf4 {Accuracy: White = 37%, Black = 48%.} 1/2-1/2

[Event "26th Abu Dhabi Master 2019"]
[Site "Abu Dhabi"]
[Date "2019.08.03"]
[Round "2.11"]
[White "Zubov, Alexander"]
[Black "Lee, Jun Hyeok"]
[Result "1-0"]
[WhiteElo "2601"]
[BlackElo "2383"]
[Annotator "TA"]
[PlyCount "53"]
[EventDate "2019.08.02"]
[EventType "swiss"]
[EventCountry "UAE"]
[SourceTitle "playchess.com"]
[Source "ChessBase"]
[SourceQuality "1"]

{[%evp 9,53,12,5,11,25,24,22,6,12,10,27,20,32,0,44,16,70,69,118,120,138,137,134,124,124,110,165,137,261,251,284,245,250,244,213,171,384,391,394,347,564,570,567,530,586,581]} 1. d4 Nf6 2. c4 e5 3. dxe5 Ng4 4. Bf4 Nc6 (4... g5 5. Bg3 Bg7 6. Nf3 Nc6 7. h4 Ngxe5 8. hxg5 Nxf3+ 9. gxf3 Bxb2 10. Nd2 Qxg5 11. Bxc7 d6 12. Ne4 Bxa1 13. Nxd6+ Kd7 14. Ne4+ Kxc7 15. Qd6+ {½-½ (34) Shimanov,A (2633)-Durarbayli,V (2608) Merida 2016}) 5. Nc3 Ngxe5 6. e3 {A52: Budapest Gambit} g6 7. Nd5 $146 ({Predecessor:} 7. Be2 Bg7 8. Nf3 Nxf3+ 9. Bxf3 Ne5 10. Be2 d6 11. Qd2 Be6 12. b3 {½-½ (48) Serner,A (2434)-Johansson,K (2457) ICCF email 2014}) 7... Bg7 8. Qd2 {The position is equal.} d6 9. Rd1 Bf5 10. Be2 O-O 11. b3 Be4 12. Nf3 Bxf3 ({Better is} 12... a5 $11) 13. gxf3 $14 Qd7 {[#]} 14. Bh6 $1 {[%mdl 512]} Qh3 (14... Bxh6 15. Nf6+) 15. Bxg7 Kxg7 16. Qb2 {Black must now prevent f4.} f6 17. Kd2 Rac8 (17... Nxf3+ $16 18. Kc1 Nce5) 18. Kc1 $1 $18 a5 ({Don't blunder} 18... Nxf3 $2 19. Nf4 $18) (18... Nd7 $16) 19. Rhg1 $1 Qxh2 20. Rdf1 Nb4 {[#]} 21. Nxb4 $1 axb4 22. f4 Nd7 $2 (22... Nc6 23. Qc2 Ra8) 23. Bf3 Nc5 {...Nd3+ is the strong threat.} 24. Qe2 Qh3 $2 (24... Rfe8 {might work better.} 25. Rh1 Qxf4) 25. Bg4 {[%mdl 64] Double Attack. White is clearly winning.} Qh2 26. Rh1 Qg2 {[#]} 27. Bf3 $1 {Accuracy: White = 86%, Black = 14%.} 1-0

[Event "26th Abu Dhabi Master 2019"]
[Site "Abu Dhabi"]
[Date "2019.08.03"]
[Round "2.12"]
[White "Akash Pc, Iyer"]
[Black "Tabatabaei, M.amin"]
[Result "1/2-1/2"]
[WhiteElo "2441"]
[BlackElo "2601"]
[Annotator "TA"]
[PlyCount "63"]
[EventDate "2019.08.02"]
[EventType "swiss"]
[EventCountry "UAE"]
[SourceTitle "playchess.com"]
[Source "ChessBase"]
[SourceQuality "1"]

{[%evp 14,63,14,15,29,21,13,-29,-29,-42,-37,-56,-62,-97,-79,-81,0,-62,-58,-65,-77,-112,7,7,6,7,95,67,109,-102,-104,-98,0,-101,-95,-85,-81,-218,186,275,692,589,564,0,0,0,0,0,0,0,0,0]} 1. d4 d5 2. c4 c6 3. Nc3 Nf6 4. Nf3 e6 5. e3 Nbd7 6. Qc2 Bd6 7. g4 h6 8. Rg1 e5 {D45: Semi-Slav: 5 e3} 9. cxd5 cxd5 10. h4 (10. Nb5 $5 {[%cal Rb5d6]} Bb8 11. Bd2 $11) (10. Nb5 Bb8 11. g5 hxg5 12. Nxg5 e4 13. Bd2 Nb6 14. Qc5 Bd7 15. Nd6+ Bxd6 16. Qxd6 {½-½ (30) Rapport,R (2752)-Ragger,M (2697) Baku 2016}) 10... e4 {Black has an edge.} 11. Nd2 $1 g5 12. hxg5 hxg5 13. f3 $146 {[%cal Rf3e4]} ({Predecessor:} 13. Nb3 a6 14. Bd2 Nb6 15. a4 Be6 16. a5 {½-½ (153) Bocharov,D (2647)-Sjugirov,S (2562) Budva 2009}) 13... Qc7 $1 14. Kd1 {[%cal Rf3e4]} Nf8 ({Black should play} 14... Nb6 $17 15. fxe4 Bxg4+ 16. Be2 Bxe2+ 17. Nxe2 Qxc2+ 18. Kxc2 Nxe4 19. Nxe4 dxe4) 15. Nb5 (15. Bb5+ $11 Kd8 16. Be2) 15... Qe7 $1 $15 16. Be2 {Threatens to win with fxe4.} exf3 17. Bxf3 Rh4 (17... Ng6 $1 $17 18. e4 Bf4) 18. e4 $11 {Black must now prevent e5.} Bh2 19. Re1 Bg3 (19... Nxg4 $11 {keeps the balance.} 20. Nf1 dxe4) 20. e5 $16 {And now Nc7+ would win.} Nxg4 {aiming for ...Nf2+.} 21. Nc7+ $2 (21. Nd6+ $1 $16 {keeps the pressure on.} Kd8 22. Qb3) 21... Kd8 $17 22. Nxd5 (22. Nxa8 Nf2+ 23. Ke2 Ne6 $11) 22... Nf2+ {[%mdl 64] Discovered Attack} 23. Ke2 Ne6 24. Nb3 Qd7 $1 {[%cal Rd7b5]} ({Much worse is} 24... Nxd4+ $6 25. Nxd4 Qxe5+ 26. Be3 $11) 25. Kf1 (25. Qc4 $17 b5 26. Qb4) 25... Rh2 $4 {[%mdl 8192] [#]} (25... b6 $1 $19 26. Nb4 Bb7) 26. Qf5 $1 $18 Nh3 $2 (26... f6 27. Re2 (27. Qxf6+ Ke8 $18) 27... Qf7 28. Qxf6+ Qxf6 29. Nxf6 Nd3 30. Rxh2 Bxh2) 27. Qf6+ Ke8 {[%csl Gg3,Gh3][%cal Rh2f2] [#]} 28. Qh8+ $2 (28. Re2 $1 $18 Nf2 29. Bxg5) 28... Nf8 $11 {[%csl Gg3,Gh3][%cal Rh2f2] The position is equal.} 29. Nf6+ {[%mdl 64] Double Attack} Ke7 {[%csl Gg3,Gh3][%cal Rh2f2]} 30. Nd5+ Ke8 $1 {[%csl Gg3,Gh3][%cal Rh2f2]} 31. Nf6+ Ke7 {[%csl Gg3,Gh3][%cal Rh2f2]} 32. Nd5+ {Accuracy: White = 47%, Black = 41%.} 1/2-1/2

[Event "26th Abu Dhabi Master 2019"]
[Site "Abu Dhabi"]
[Date "2019.08.03"]
[Round "2.13"]
[White "Socko, Monika"]
[Black "Bai, Jinshi"]
[Result "1/2-1/2"]
[WhiteElo "2443"]
[BlackElo "2606"]
[Annotator "TA"]
[PlyCount "39"]
[EventDate "2019.08.02"]
[EventType "swiss"]
[EventCountry "UAE"]
[SourceTitle "playchess.com"]
[Source "ChessBase"]
[SourceQuality "1"]

{[%evp 9,39,27,27,30,28,21,49,30,38,35,84,81,98,83,100,62,214,145,208,150,124,121,158,201,185,78,124,0,192,0,96,0]} 1. e4 c6 2. d4 d5 3. exd5 cxd5 4. Bd3 Nc6 5. c3 e6 6. Nf3 {B13: Caro-Kann: Exchange Variation and Panov-Botvinnik Attack} Bd6 7. O-O Nf6 (7... Nge7 8. Re1 O-O 9. Na3 f6 10. Nb5 Bb8 11. c4 Nb4 12. Bf1 dxc4 13. Bxc4 Nbd5 {0-1 (37) Anand,V (2773)-Ganguly,S (2615) Kolkata 2018}) 8. Bg5 {White is slightly better.} Qb6 9. Qc2 Ne4 $146 ({Predecessor:} 9... Bd7 10. Nbd2 h6 11. Bh4 Ne7 12. Rfe1 g5 {1-0 (34) Peter,R (1766)-Haselbeck,R (1521) Germany 2003}) 10. Bxe4 dxe4 11. Qxe4 Qxb2 12. Nbd2 {[#] Threatens to win with Nc4.} Na5 $2 (12... Qb5 $1 $14) 13. c4 f5 (13... Qa3 $16) 14. Qh4 {Hoping for c5.} O-O 15. a4 Bd7 {[#]} 16. Rfb1 $1 {[%cal Rb1b2]} Qc3 17. Rc1 (17. Be7 $18 Bxe7 18. Qxe7) 17... Qb4 18. Rcb1 (18. c5 $16 Bc7 19. Bf4) 18... Qc3 $18 19. Rc1 (19. Be7 $18 Bxe7 20. Qxe7) 19... Qb4 $1 $16 20. Rcb1 {Accuracy: White = 55%, Black = 16%.} ({White should play} 20. Rab1 $16 Qa3 21. c5) 1/2-1/2

[Event "26th Abu Dhabi Master 2019"]
[Site "Abu Dhabi"]
[Date "2019.08.03"]
[Round "2.14"]
[White "Aditya Mittal"]
[Black "Abdusattorov, Nodirbek"]
[Result "0-1"]
[WhiteElo "2429"]
[BlackElo "2598"]
[Annotator "TA"]
[PlyCount "128"]
[EventDate "2019.08.02"]
[EventType "swiss"]
[EventCountry "UAE"]
[SourceTitle "playchess.com"]
[Source "ChessBase"]
[SourceQuality "1"]

{[%evp 17,128,12,32,18,14,22,33,35,14,10,12,6,53,48,49,11,15,0,0,-65,-56,-64,-64,-58,-54,-33,-46,-77,-58,-58,-54,-71,-36,-36,-47,-64,-60,-73,-76,-75,-75,-83,-86,-106,-101,-118,-124,-122,-91,-99,-92,-110,-111,-110,-99,-100,-100,-106,-91,-99,-85,-100,-100,-124,-100,-100,-96,-100,-100,-100,-100,-125,-125,-125,-125,-125,-110,-112,-98,-98,-98,-217,-216,-268,-227,-300,-212,-387,-209,-387,-384,-384,-370,-209,-359,-383,-383,-497,-497,-5632,-5612,-11834,-4714,-4638,-4631,-29980,-29981,-29984,-29985,-29985,-29986,-29991,-29992]} 1. d4 Nf6 2. c4 e6 3. Nc3 Bb4 4. e3 O-O 5. Bd3 d5 6. Nf3 c5 7. O-O dxc4 8. Bxc4 b6 9. Qe2 Bb7 10. dxc5 {E54: Nimzo-Indian: Rubinstein: Main Line: 7...dxc4 8 Bxc4} (10. Rd1 Qe7 11. Bd2 cxd4 12. Nxd4 a6 13. a3 Bd6 14. Be1 Nbd7 15. Ba2 b5 16. f3 Ne5 17. f4 Nc6 18. Bh4 Nxd4 19. exd4 b4 20. axb4 Bxb4 {½-½ (20) Landa,K (2599)-Tiviakov,S (2592) Netherlands 2016}) 10... Bxc3 11. bxc3 bxc5 12. Bd3 {White is slightly better.} Nbd7 13. e4 c4 14. Bc2 Qa5 15. Rb1 Bc6 $146 ({Predecessor:} 15... Nc5 16. Rxb7 Nxb7 17. e5 Nd5 18. Bxh7+ Kxh7 {½-½ (52) Furman,S-Geller,E Riga 1958}) 16. Qxc4 Rac8 17. Qe2 Qxc3 18. Bb2 (18. h3 $11) 18... Bb5 $1 $36 {[%cal Rb5e2][%mdl 2048] Black fights for an advantage.} 19. Qxb5 Qxc2 20. Bxf6 Nxf6 21. e5 Nd5 {Threatens to win with ...Nc3.} 22. Qb2 Qa4 23. Rfc1 h6 24. h3 Rfd8 25. Rxc8 Rxc8 26. Qb3 Qe4 27. Re1 Qc2 28. Nd4 Qc5 29. Nf3 a5 30. Nd2 Qb4 31. Nf3 Rc3 32. Qxb4 axb4 $17 {[%mdl 4096] Endgame KRN-KRN} 33. Re2 g5 34. Rb2 Kg7 35. Nd4 Rc1+ 36. Kh2 Rc4 37. Nb5 Kg6 38. Nd6 Rc3 39. Nb5 Rc1 40. Nd6 h5 41. g3 Rc3 42. Kg2 h4 43. Ne4 Ra3 44. Nf6 Nxf6 45. exf6 hxg3 ({Don't take} 45... Kxf6 46. gxh4 gxh4 47. Rxb4 $11) 46. fxg3 {KR-KR} Ra4 47. Rf2 e5 48. Kg1 Ra6 49. Kg2 (49. Rb2 $17 {is a better defense.}) 49... Rxf6 $19 50. Rb2 Ra6 51. g4 Ra4 $1 52. Kf3 $2 {[#]} (52. Re2 {might work better.}) 52... f6 (52... e4+ $142 $1 {[%mdl 512]} 53. Kg2 (53. Kxe4 b3+) 53... Kf6) 53. Rc2 $2 (53. Ke3) 53... Ra3+ 54. Kg2 Kf7 55. Rb2 {[#]} (55. Kf2 $142) 55... Ra4 $1 56. Rc2 Ke6 57. Rc6+ {[#]} Kd5 $1 58. Rxf6 (58. Rc2 $142 Ra3 59. Rd2+ Kc4 60. Re2) 58... Rxa2+ 59. Kg3 b3 {[%cal Bb4b3,Bb3b2][%mdl 32]} 60. Rb6 b2 61. h4 Kc4 {Black mates.} 62. hxg5 Ra3+ 63. Kh4 Rb3 64. Rc6+ Kd5 {Accuracy: White = 36%, Black = 77%.} 0-1

[Event "26th Abu Dhabi Master 2019"]
[Site "Abu Dhabi"]
[Date "2019.08.03"]
[Round "2.15"]
[White "Can, Emre"]
[Black "Dimakiling, Oliver"]
[Result "1/2-1/2"]
[WhiteElo "2595"]
[BlackElo "2403"]
[Annotator "ChessBase"]
[PlyCount "131"]
[EventDate "2019.08.02"]
[EventType "swiss"]
[EventCountry "UAE"]
[SourceTitle "playchess.com"]
[Source "ChessBase"]
[SourceQuality "1"]
[TimeControl "5400+30"]

1. d4 {[%emt 0:05:03]} Nf6 {[%emt 0:00:00]} 2. c4 {[%emt 0:00:17]} e6 {[%emt 0:00:21]} 3. Nf3 {[%emt 0:00:16]} b6 {[%emt 0:00:59]} 4. g3 {[%emt 0:00:40]} Ba6 {[%emt 0:00:26]} 5. Nbd2 {[%emt 0:00:21]} c5 {[%emt 0:01:10]} 6. e4 {[%emt 0:04:56]} cxd4 {[%emt 0:00:51]} 7. e5 {[%emt 0:00:25]} Ng4 {[%emt 0:03:22]} 8. h3 {[%emt 0:00:17]} Nh6 {[%emt 0:04:45]} 9. Bg2 {[%emt 0:00:16]} Bb7 {[%emt 0:01:15]} 10. O-O {[%emt 0:04:03]} f5 {[%emt 0:03:35]} 11. Nxd4 {[%emt 0:07:48]} Bxg2 {[%emt 0:00:25]} 12. Kxg2 {[%emt 0:00:08]} Nf7 {[%emt 0:01:17]} 13. Qa4 {[%emt 0:11:27]} Qe7 {[%emt 0:08:41]} 14. N2f3 {[%emt 0:01:02]} Qb4 {[%emt 0:01:49]} 15. Qc2 {[%emt 0:00:44]} Be7 {[%emt 0:02:57]} 16. Be3 {[%emt 0:05:52]} O-O {[%emt 0:00:37]} 17. Rfd1 {[%emt 0:13:15]} Rc8 {[%emt 0:01:16]} 18. Rac1 {[%emt 0:00:54]} Qa5 {[%emt 0:01:20]} 19. a3 {[%emt 0:03:46]} Qa6 {[%emt 0:00:42]} 20. g4 {[%emt 0:04:23]} fxg4 {[%emt 0:03:58]} 21. hxg4 {[%emt 0:00:09]} Qb7 {[%emt 0:00:04]} 22. Rh1 {[%emt 0:03:21]} g6 {[%emt 0:00:47]} 23. Rh3 {[%emt 0:00:53]} Kg7 {[%emt 0:10:59]} 24. Rch1 {[%emt 0:04:48]} Rh8 {[%emt 0:00:22]} 25. Ne2 {[%emt 0:05:17]} Nc6 {[%emt 0:05:47]} 26. Nf4 {[%emt 0:11:15]} Rag8 {[%emt 0:07:48]} 27. Kf1 {[%emt 0:04:15]} Ncd8 {[%emt 0:05:49]} 28. Ke2 {[%emt 0:02:14]} Qc6 {[%emt 0:04:33]} 29. Qd3 {[%emt 0:00:10]} Kf8 {[%emt 0:03:23]} 30. Bd4 {[%emt 0:01:41]} Rg7 {[%emt 0:06:27]} 31. Bc3 {[%emt 0:00:47]} Ke8 {[%emt 0:02:43]} 32. Nd5 {[%emt 0:00:57]} h6 {[%emt 0:01:55]} 33. Nd4 {[%emt 0:01:50]} Qb7 {[%emt 0:01:18]} 34. Nxe7 {[%emt 0:00:37]} Nxe5 {[%emt 0:05:24]} 35. Qg3 {[%emt 0:00:07]} Qe4+ {[%emt 0:01:06]} 36. Qe3 {[%emt 0:00:05]} Qxg4+ {[%emt 0:00:11]} 37. Nf3 {[%emt 0:00:56]} Qxc4+ {[%emt 0:00:05]} 38. Kd2 {[%emt 0:00:39]} Ng4 {[%emt 0:02:04]} 39. Qd4 {[%emt 0:00:41]} Qxd4+ {[%emt 0:00:08]} 40. Bxd4 {[%emt 0:00:05]} Rxe7 {[%emt 0:00:39]} 41. Bxh8 {[%emt 0:00:16]} Nxf2 {[%emt 0:00:04]} 42. Rxh6 {[%emt 0:00:39]} Nxh1 {[%emt 0:00:17]} 43. Rxh1 {[%emt 0:00:14]} Rf7 {[%emt 0:01:18]} 44. Ke3 {[%emt 0:00:55]} Rf5 {[%emt 0:01:18]} 45. Ne5 {[%emt 0:02:56]} d6 {[%emt 0:02:30]} 46. Nxg6 {[%emt 0:00:42]} e5 {[%emt 0:00:03]} 47. Rg1 {[%emt 0:00:33]} Ne6 {[%emt 0:00:55]} 48. Nh4 {[%emt 0:00:30]} Rh5 {[%emt 0:00:15]} 49. Bf6 {[%emt 0:00:17]} Kf7 {[%emt 0:00:07]} 50. Rf1 {[%emt 0:00:11]} Nf4 {[%emt 0:00:03]} 51. Bd8 {[%emt 0:00:19]} Ke8 {[%emt 0:00:24]} 52. Bf6 {[%emt 0:01:13]} Nd5+ {[%emt 0:00:06]} 53. Kd3 {[%emt 0:00:27]} Nxf6 {[%emt 0:00:13]} 54. Rxf6 {[%emt 0:00:05]} Rxh4 {[%emt 0:00:24]} 55. Rxd6 {[%emt 0:00:07]} Ke7 {[%emt 0:00:18]} 56. Rg6 {[%emt 0:00:16]} Rd4+ {[%emt 0:01:06]} 57. Ke3 {[%emt 0:00:24]} Ra4 {[%emt 0:00:38]} 58. Rh6 {[%emt 0:00:27]} Kd7 {[%emt 0:00:37]} 59. Rg6 {[%emt 0:00:13]} Kc7 {[%emt 0:05:10]} 60. Re6 {[%emt 0:00:15]} Ra5 {[%emt 0:00:04]} 61. Ke4 {[%emt 0:00:26]} Rb5 {[%emt 0:00:06]} 62. b4 {[%emt 0:00:34]} a5 {[%emt 0:00:05]} 63. Rxe5 {[%emt 0:00:23]} Kc6 {[%emt 0:00:09]} 64. Re6+ {[%emt 0:00:32]} Kd7 {[%emt 0:00:22]} 65. Re5 {[%emt 0:00:17]} Kc6 {[%emt 0:00:04]} 66. Re6+ 1/2-1/2